000 02065cam a2200457 i 4500
001 zz2003803854
003 NUKAT
005 20260410063837.0
008 030313s1924 pl a |001 0dpol c
035 _a(OCoLC)1412967987
035 _a(NUKAT)zz2003803854
040 _aGD U/AP
_bpol
_erda
_cGD U/AP
_dGD U/DC
_dGD U/JDs
_dTOR U/kn
_dSZCZ M/AB
_dOLSZT 003/ER
041 0 _apol
_alat
100 1 _aBirkenmajer, Ludwik Antoni
_d(1855-1929).
_eAutor
_91863
245 1 0 _aStromata Copernicana :
_bstudja, poszukiwania i materjały biograficzne /
_cLudwik Antoni Birkenmajer.
260 _aKraków :
_bnakładem Polskiej Akademji Umiejętności ;
_aWarszawa [i pozostałe] :
_bSkład Główny w Księgarniach Gebethnera i Wolffa,
_c1924
_e([Kraków] :
_fz drukarni Uniwersytetu Jagiellońskiego pod zarządem J. Filipowskiego).
300 _aVII, [1], 402 , [1] strona :
_bilustracje ;
_c23 cm.
336 _aTekst
_btxt
_2rdacontent
337 _aBez urządzenia pośredniczącego
_bn
_2rdamedia
338 _aWolumin
_bnc
_2rdacarrier
380 _aKsiążki
500 _aStrona tytułowa: Z jedną ryciną w tekście.
504 _aIndeks.
530 _aDostępny również w formie elektronicznej.
546 _aTekst częściowo w języku łacińskim.
600 1 7 _aKopernik, Mikołaj
_d(1473-1543)
_2DBN
_936015
600 1 4 _aKopernik, Mikołaj
_d(1473-1543)
_vbiografie
_vźródła.
_2kaba
_914653
600 1 7 _aKopernik, Mikołaj
_d(1473-1543)
_xkrytyka i interpretacja.
_2kaba
_92051
648 7 _a1401-1500
_2DBN
_936030
648 7 _a1501-1600
_2DBN
_936032
650 7 _aAstronomia
_2DBN
_936164
651 7 _aPolska
_2DBN
_935076
658 _aFizyka i astronomia
658 _aHistoria
710 2 _aPolska Akademia Umiejętności (1919-1952).
_eNakładca
_4pbl
_91634
710 2 _aGebethner i Wolff.
_eDystrybucja
_4dst
_91246
710 2 _aDrukarnia Uniwersytetu Jagiellońskiego.
_eDruk
_4prt
_9536
856 4 1 _uhttp://kpbc.umk.pl/publication/29986
856 4 8 _3Okładka
_uhttp://www.nukat.edu.pl/nukat/icov/TORU/zz2003803854.jpg
942 _2ddc
_cBK_NM
999 _c27509
_d27509